Engineering physics / (Record no. 79397)

MARC details
000 -LEADER
fixed length control field 00559nam a22001937a 4500
005 - DATE AND TIME OF LATEST TRANSACTION
control field 20130926113729.0
010 ## - LCCN (DPL NO)
LC control number ENG-108544
020 ## - INTERNATIONAL STANDARD BOOK NUMBER
International Standard Book Number 978812034823
Terms of availability 350.00
035 ## - SYSTEM CONTROL NUMBER
System control number EN-92077
037 ## - SOURCE OF ACQUISITION
Stock number DBAD/PUB
100 ## - MAIN ENTRY--PERSONAL NAME
Personal name Marikani, A.
245 ## - TITLE STATEMENT
Title Engineering physics /
Statement of responsibility, etc by A. Marikani
250 ## - EDITION STATEMENT
Edition statement 2nd edition.
260 ## - PUBLICATION, DISTRIBUTION, ETC. (IMPRINT)
Place of publication, distribution, etc New Delhi
Name of publisher, distributor, etc Sage Publications India Pvt. Ltd
Date of publication, distribution, etc 2013
270 ## - ADDRESS
Address B1/I-1 Mohan Cooperative Industrial Area
City New Delhi
Postal code 110044
300 ## - PHYSICAL DESCRIPTION
Extent xv, 490p. :
Other physical details ill.
Dimensions 22 cm (pbk)
500 ## - GENERAL NOTE
General note Includes index
942 ## - ADDED ENTRY ELEMENTS (KOHA)
Source of classification or shelving scheme Dewey Decimal Classification
Item type English Books
Call number suffix MAR

No items available.


© Delhi Public Library
Hit Counter
free hit counter